Sports Quiz

Random Sports or Baseball Quiz

Minor League Cities (AAA) Quiz Stats

 Plays Quiz Updated Feb 18, 2021

Support Sporcle.
Go Orange.
Score 0/30 Timer 07:00
4 Plays Today
Affiliate Location % Correct
Toronto Blue JaysBuffalo
73.3%
Boston Red SoxWorcester
61.6%
Detroit TigersToledo
61.3%
Cleveland IndiansColumbus
59.1%
Oakland AthleticsLas Vegas
57.4%
Tampa Bay RaysDurham
56.8%
Colorado RockiesAlbuquerque
55.4%
Chicago CubsIowa (Des Moines)
54.2%
Cincinnati RedsLouisville
51.7%
St. Louis CardinalsMemphis
50.1%
New York YankeesScranton/Wilkes-Barre
49.5%
Texas RangersRound Rock
48.2%
Miami MarlinsJacksonville
46.6%
San Francisco GiantsSacramento
45.9%
Pittsburgh PiratesIndianapolis
45%
Affiliate Location % Correct
San Diego PadresEl Paso
44.8%
Chicago White SoxCharlotte
43.7%
Minnesota TwinsSt. Paul
43.6%
Atlanta BravesGwinnett
43.3%
Kansas City RoyalsOmaha
41.2%
Seattle MarinersTacoma
39.7%
Baltimore OriolesNorfolk
38.7%
New York MetsSyracuse
38.4%
Milwaukee BrewersNashville
36.6%
Los Angeles AngelsSalt Lake City
36.5%
Houston AstrosSugar Land
34.7%
Philadelphia PhilliesLehigh Valley
31.8%
Los Angeles DodgersOklahoma City
31.2%
Arizona DiamondbacksReno
30%
Washington NationalsRochester
27.3%

From the Vault

Ends in 'IOUS'

by LauraLeigh

We hope you find this quiz meritorious and ingenious, and not contentious, tedious, or pretentious.
Remove Ads.
Support Sporcle.
Get the best of Sporcle when you Go Orange. This ad-free experience offers more features, more stats, and more fun while also helping to support Sporcle. Thank you for becoming a member.

Show Comments

Extras

Top Quizzes Today


Score Distribution

Your Account Isn't Verified!

In order to create a playlist on Sporcle, you need to verify the email address you used during registration. Go to your Sporcle Settings to finish the process.

Report this User

Report this user for behavior that violates our Community Guidelines.

Details: